| 000 | 00568nam a2200217Ia 4500 | ||
|---|---|---|---|
| 001 | 25573 | ||
| 003 | AR-BaAGN | ||
| 005 | 20231116141851.0 | ||
| 007 | ta | ||
| 008 | 211213s1902 it |||||||||||||| ||ita d | ||
| 040 |
_dAR-BaAGN _aAR-BaAGN _bspa _eaacr |
||
| 100 | _aFubini, Ricardo | ||
| 245 | 1 | 0 |
_aLa doctrina dell'errore in diritto civile italiano / _cRicardo Fubini |
| 260 |
_aTorino : _bG. Sacerdote, _c1902. |
||
| 300 | _a289 páginas | ||
| 336 |
_2rdacontent _btxt |
||
| 337 |
_2rdamedia _bn |
||
| 338 |
_2rdacarrier _bnc |
||
| 942 | _cLIBRO | ||
| 999 |
_c25573 _d25573 |
||